000 00539nam a2200157 a 4500
008 120416s2004 ||||||||||||||||| || u
050 _aIBRD(08)
100 _aChiquier, Loic
245 1 0 _aMortgage securities in emerging markets
260 _aWashington, D. C.
_bWorld Bank
_c2004
300 _a42p. : ill.
350 _a0.00
650 _aEMERGING MARKETS
700 _aLea, Michael
995 _D0.00
_FCBU-MAIN LIBRARY (Kitwe)
_H1
_I0.00
_M1
_UAVAILABLE
_ZInternational Publications
999 _c51698
_d51698